Statistics for Random DreamWorks characters by description

Click here to take the quiz!

General Stats

  • This quiz has been taken 58 times
  • The average score is 10 of 25

Answer Stats

DescriptionCharacter% Correct
Swamp creature who likes his peace (and princess).Shrek
100%
An overweight but energetic master at martial arts. Also his worst enemy is stairs.Po
80%
The outcast that becomes a threat to the city...until he accidentally makes an even bigger one.Megamind
63%
Son of the village chief and tends to constantly get himself into trouble, but is the reason of the future of his village.Hiccup
59%
Begins as a nerdy cameraman, then goes into an all-out rage after gaining super abilities after discovering his love interest is in love with someone else.Hal Stewart / Tighten
51%
The one who taught the Five all he knew about their martial arts, but was very hesitant (dismissive even) about the one chosen.Master Shifu
51%
Normal insect who somehow falls in love with a human, causing her to break up with her boyfriend. Is later responsible for the major lack of plants.Barry B. Benson
49%
Wise old creature who anoints not one of the long-trained martial artists, but a spectator who splats in the middle of the arena.Master Oogway
49%
Hero of the city for many years who retires in the most inconsiderate way possible.Metro Man
44%
Brother of the ruler and the Chosen One to lead his people out of the country.Moses
37%
Love interest of the son of the chief who doesn't like him at first, but later helps him with all his quests.Astrid
34%
Animal sidekick of the character who often wishes he was just like the rest of his kind.Donkey
34%
Infant who becomes temporarily (and later permanently) brother of the main character.Boss Baby / Ted
32%
Wacky leader of a wacky group of Antarctic (or African) animals who becomes a hideous, mutated creature.Skipper
32%
Outlaw and the leader of a gang who later decides that being criminals isn't anything compared to actually being appreciated.Mr. Wolf
29%
The one guy that no one likes saves the planet from destruction.Oh
29%
The boogeyman himself who's goal is to become believed in by children around the world, and is the enemy of famous fictional icons.Pitch Black
29%
Con artists who fake godhood to have the respect of the town.Miguel and Tulio
27%
Evil warlord who commits genocide on a certain species to stay in power. Also refuses to admit defeat.Lord Shen
24%
Long lost mother of the son of the chief who had a similar idea to her son, only briefly reunites with her husband before he dies.Valka
24%
Nearly kills the son of the village chief through his own companion he was mind-controlling, later causes terrorism among the village.Drago Bludvist
22%
Sneaky thief who teams up with a skilled fencer and outlaw to gain items of great value.Kitty Softpaws
20%
Dragon killer who captures the annoying friend. A very capable trapper.Grimmel the Grisly
17%
A crazy animal patrol officer who wants nothing more than to have the head of a lion.Chantel Dubois
15%
An untrustworthy guy who gambles away any cash he has whenever he gets the chance. Later lies about the death of the son of a crime boss.Oscar
10%

Score Distribution

Percentile by Number Answered

Percent of People with Each Score

Your Score History

You have not taken this quiz